000 00232 a2200097 4500
001 14545
100 _aNaseer Ahmed Jamegi
245 _aBaba Farid Shkar Gung
260 _aLahore
_bSang-e-Meel Publications
_c
090 _c11374
_d11374
942 _aNUST-CAE
_cM
_c1530
999 _c249618
_d249618